[Event "Pardubice Czech op"]
[Site "Pardubice"]
[Date "2007.07.23"]
[Round "4"]
[White "Rukavina, Dario"]
[Black "Novikov, Stanislav"]
[Result "0-1"]
[WhiteElo "2300"]
[BlackElo "2562"]
[PlyCount "121"]
[EventDate "2007.07.20"]
[EventType "swiss"]
[EventRounds "9"]
[EventCountry "CZE"]
[SourceTitle "CBM 119 Extra"]
[Source "ChessBase"]
[SourceDate "2007.09.04"]
[SourceVersion "1"]
[SourceVersionDate "2007.09.04"]
[SourceQuality "1"]

1. d4 d6 2. Nf3 g6 3. g3 Bg7 4. Bg2 Nf6 5. 0-0 0-0 6. c4 c6 7. Nc3 Qb6 8. Qc2 Nbd7 9. e4 a5 10. h3 Qa6 11. e5 Ne8 12. Re1 dxe5 13. dxe5 Nc7 14. b3 Nc5 15. Ba3 Bf5 16. Qe2 Nd3 17. Red1 Nb4 18. Nd4 Rad8 19. g4 Bc8 20. Bb2 Qa7 21. a3 Nba6 22. Na4 Nc5 23. Nxc5 Qxc5 24. Nc2 Ne6 25. b4 Qb6 26. Qe4 Rxd1+ 27. Rxd1 Rd8 28. Rxd8+ Qxd8 29. Nd4 axb4 30. axb4 Qb6 31. Nxe6 Bxe6 32. b5 Bh6 33. Bd4 Qd8 34. bxc6 bxc6 35. Be3 Qd1+ 36. Kh2 Bg7 37. Qd4 Qxd4 38. Bxd4 c5 39. Bxc5 Bxe5+ 40. Kg1 Bd6 41. Bxd6 exd6 42. Bd5 Bxd5 43. cxd5 Kf8 44. Kf1 Ke7 45. Ke2 Kd7 46. g5 Kc7 47. Kd3 Kb6 48. Kc4 Ka5 49. f3 Ka4 50. h4 Ka5 51. f4 Ka4 52. Kc3 Kb5 53. Kd4 Kb4 54. Kd3 Kc5 55. Ke4 Kc4 56. f5 Kc5 57. fxg6 fxg6 58. h5 Kc4 59. hxg6 hxg6 60. Ke3 Kxd5 61. Kf4 0-1

[Event "Pardubice Czech op"]
[Site "Pardubice"]
[Date "2007.07.20"]
[Round "1"]
[White "Markos, Jan"]
[Black "Rukavina, Dario"]
[Result "1-0"]
[WhiteElo "2559"]
[BlackElo "2300"]
[PlyCount "123"]
[EventDate "2007.07.20"]
[EventType "swiss"]
[EventRounds "9"]
[EventCountry "CZE"]
[SourceTitle "CBM 119 Extra"]
[Source "ChessBase"]
[SourceDate "2007.09.04"]
[SourceVersion "1"]
[SourceVersionDate "2007.09.04"]
[SourceQuality "1"]

1. d4 Nf6 2. c4 e6 3. Nc3 Bb4 4. f3 Nc6 5. e4 d5 6. e5 Ng8 7. a3 Bxc3+ 8. bxc3 b6 9. cxd5 Qxd5 10. Bd3 Bb7 11. Ne2 Nge7 12. 0-0 Qd7 13. Qc2 0-0-0 14. Rd1 f6 15. exf6 gxf6 16. Kh1 Kb8 17. Bh6 Ng6 18. Ng3 Nh4 19. Be4 Qf7 20. a4 Rhg8 21. a5 f5 22. Bxc6 Bxc6 23. axb6 axb6 24. Bf4 h5 25. Rdb1 Kb7 26. Qe2 Ra8 27. Rxa8 Rxa8 28. Bg5 Ng6 29. Nxh5 f4 30. Nf6 Ra5 31. h4 Ne7 32. Re1 e5 33. dxe5 Ra2 34. Qd3 Qe6 35. Nh5 Nd5 36. c4 Nb4 37. Qf1 Nc2 38. Nxf4 Qf5 39. Rd1 Qxe5 40. Qd3 Ne3 41. Re1 Ra1 42. Rxa1 Qxa1+ 43. Kh2 Qe1 44. Qe2 Qc3 45. c5 bxc5 46. Ne6 Qe5+ 47. Kg1 Qxe6 48. Qxe3 Qd5 49. h5 c4 50. h6 Qf5 51. Qf4 Qb1+ 52. Qc1 Qd3 53. Bf6 Be8 54. Qc3 Bg6 55. Kf2 Kc6 56. g4 Kd5 57. Qe5+ Kc6 58. Qc3 Kd5 59. f4 Qxc3 60. Bxc3 Ke4 61. f5 Bh7 62. f6 1-0

[Event "EU-ch U18"]
[Site "Herceg Novi"]
[Date "2006.09.16"]
[Round "6"]
[White "Rukavina, Dario"]
[Black "Schwarhofer, Christopher"]
[Result "1-0"]
[WhiteElo "2288"]
[BlackElo "2162"]
[PlyCount "91"]
[EventDate "2006.09.10"]
[EventType "swiss"]
[EventRounds "9"]
[EventCountry "MNE"]
[SourceTitle "CBM 114 Extra"]
[Source "ChessBase"]
[SourceDate "2006.11.03"]
[SourceVersion "1"]
[SourceVersionDate "2006.11.03"]
[SourceQuality "1"]

1. d4 Nf6 2. Nf3 g6 3. g3 Bg7 4. Bg2 0-0 5. 0-0 d6 6. c4 Nbd7 7. Nc3 e5 8. e4 c6 9. h3 Re8 10. Re1 a5 11. Be3 exd4 12. Nxd4 Nc5 13. Qc2 a4 14. Rad1 Qa5 15. a3 Nfd7 16. Nce2 Qa6 17. Rc1 Nb6 18. Bf4 Be5 19. Bf1 Be6 20. Nxe6 Nxe6 21. Bxe5 dxe5 22. c5 Nd7 23. Nf4 Qa5 24. Nxe6 Rxe6 25. Red1 Rd8 26. Qc3 Qc7 27. Qb4 Ra8 28. Rd2 Re7 29. Rcd1 Nf8 30. Bc4 Qa5 31. Rd3 Kg7 32. Kg2 b5 33. Ba2 Qxb4 34. axb4 Raa7 35. f3 Nd7 36. f4 f6 37. Kf3 exf4 38. gxf4 Nb8 39. Rd8 Na6 40. R1d4 h6 41. Rg8+ Kh7 42. Rdd8 f5 43. Rh8+ Kg7 44. Rdg8+ Kf6 45. Rf8+ Rf7 46. e5+ 1-0

[Event "EU-ch U18"]
[Site "Herceg Novi"]
[Date "2006.09.12"]
[Round "3"]
[White "Tukhaev, Adam"]
[Black "Rukavina, Dario"]
[Result "1-0"]
[WhiteElo "2459"]
[BlackElo "2288"]
[PlyCount "67"]
[EventDate "2006.09.10"]
[EventType "swiss"]
[EventRounds "9"]
[EventCountry "MNE"]
[SourceTitle "CBM 114 Extra"]
[Source "ChessBase"]
[SourceDate "2006.11.03"]
[SourceVersion "1"]
[SourceVersionDate "2006.11.03"]
[SourceQuality "1"]

1. e4 c5 2. Nf3 d6 3. d4 cxd4 4. Nxd4 Nf6 5. Nc3 a6 6. Bc4 e6 7. Bb3 b5 8. Bg5 Be7 9. Qf3 Qc7 10. 0-0-0 Nbd7 11. e5 Bb7 12. Qg3 Nxe5 13. Bxe6 fxe6 14. f4 Nc4 15. Nxe6 Qa5 16. Rde1 Qb4 17. Nxg7+ Kf7 18. Rxe7+ Kxe7 19. Bxf6+ Kf7 20. b3 Qa3+ 21. Kd1 Qc5 22. Re1 Kxf6 23. Qh4+ Kf7 24. Re7+ Kg8 25. bxc4 Qg1+ 26. Kd2 Qd4+ 27. Kc1 Qxc3 28. Ne6 Qa3+ 29. Kd1 Bf3+ 30. gxf3 Qxf3+ 31. Kd2 Qg2+ 32. Kc1 Qg1+ 33. Kb2 Ra7 34. Qf6 1-0

[Event "EU-ch U18"]
[Site "Herceg Novi"]
[Date "2006.09.11"]
[Round "2"]
[White "Rukavina, Dario"]
[Black "Maenhout, Thibaut"]
[Result "1/2-1/2"]
[WhiteElo "2288"]
[BlackElo "2384"]
[PlyCount "82"]
[EventDate "2006.09.10"]
[EventType "swiss"]
[EventRounds "9"]
[EventCountry "MNE"]
[SourceTitle "CBM 114 Extra"]
[Source "ChessBase"]
[SourceDate "2006.11.03"]
[SourceVersion "1"]
[SourceVersionDate "2006.11.03"]
[SourceQuality "1"]

1. d4 d5 2. c4 c6 3. Nc3 Nf6 4. Nf3 e6 5. e3 Nbd7 6. Qc2 Bd6 7. g4 Bb4 8. Bd2 Qe7 9. Rg1 Bxc3 10. Bxc3 Ne4 11. 0-0-0 Nxc3 12. Qxc3 0-0 13. Ne5 f6 14. Nxd7 Bxd7 15. Kb1 Rac8 16. f4 c5 17. g5 dxc4 18. dxc5 Ba4 19. gxf6 Qxf6 20. Qxf6 Rxf6 21. Rd4 Rxc5 22. Bxc4 Kf8 23. b3 Bc6 24. Rg5 Rxg5 25. fxg5 Rf5 26. Rf4 Ke7 27. Rxf5 exf5 28. Kc2 Kd6 29. Bg8 h6 30. gxh6 gxh6 31. Kd3 Ke5 32. Bf7 Bb5+ 33. Kd2 Ke4 34. Bh5 a5 35. a3 b6 36. Bd1 f4 37. Bc2+ Kf3 38. Bd1+ Ke4 39. Bc2+ Ke5 40. Bd1 Bc6 41. Ke2 Bd5 1/2-1/2

[Event "Velika Gorica op 6th"]
[Site "Velika Gorica"]
[Date "2006.08.19"]
[Round "1"]
[White "Rukavina, Dario"]
[Black "Ivekovic, Ivana"]
[Result "1-0"]
[WhiteElo "2288"]
[BlackElo "1908"]
[PlyCount "75"]
[EventDate "2006.08.19"]
[EventType "swiss"]
[EventRounds "9"]
[EventCountry "CRO"]
[SourceTitle "CBM 113 Extra"]
[Source "ChessBase"]
[SourceDate "2006.09.14"]
[SourceVersion "1"]
[SourceVersionDate "2006.09.14"]
[SourceQuality "1"]

1. d4 d5 2. c4 e6 3. Nc3 c5 4. cxd5 exd5 5. Nf3 Nf6 6. g3 Nc6 7. Bg2 h6 8. 0-0 Be7 9. b3 0-0 10. Bb2 b6 11. Rc1 Bb7 12. dxc5 Bxc5 13. Na4 Be7 14. Nd4 Nxd4 15. Qxd4 Qd7 16. e4 Rfc8 17. e5 Ne8 18. Bf3 Nc7 19. Rfd1 Ne6 20. Rxc8+ Rxc8 21. Qd3 Rd8 22. Bg4 b5 23. Nc3 b4 24. Ne2 Qc6 25. Nd4 Qb6 26. Nxe6 fxe6 27. Bd4 Qc6 28. Qg6 Bc8 29. Be2 a5 30. Bd3 Bf8 31. Qh7+ Kf7 32. Bg6+ Ke7 33. Qg8 Kd7 34. Qf7+ Be7 35. Qxg7 a4 36. Qxh6 Ba6 37. Rc1 Qb5 38. Bf7 1-0

[Event "CRO-chT U20 15th"]
[Site "Sv Filip i Jakov"]
[Date "2006.04.21"]
[Round "7"]
[White "Horvat, David"]
[Black "Rukavina, Dario"]
[Result "1/2-1/2"]
[WhiteElo "1913"]
[BlackElo "2279"]
[PlyCount "108"]
[EventDate "2006.04.18"]
[EventType "team-tourn"]
[EventRounds "9"]
[EventCountry "CRO"]
[SourceTitle "CBM 111 Extra"]
[Source "ChessBase"]
[SourceDate "2006.05.09"]
[SourceVersion "1"]
[SourceVersionDate "2006.05.09"]
[SourceQuality "1"]

1. e4 c5 2. Nf3 Nc6 3. d4 cxd4 4. Nxd4 e5 5. Nb5 d6 6. c4 Be7 7. N1c3 a6 8. Na3 f5 9. exf5 Bxf5 10. Nc2 Nf6 11. Ne3 Be6 12. Ned5 0-0 13. Be3 Nd4 14. Be2 Nxd5 15. cxd5 Nxe2 16. Qxe2 Bf5 17. 0-0 b5 18. a3 Rc8 19. Rac1 Qd7 20. f3 Qb7 21. Qd2 Bd8 22. Ne4 Bxe4 23. fxe4 Rxf1+ 24. Rxf1 Bb6 25. Qf2 Bxe3 26. Qxe3 h6 27. Rc1 Kh7 28. Rxc8 Qxc8 29. Qc3 Qg4 30. Qf3 Qg5 31. Qe2 Qc1+ 32. Kf2 Kg8 33. g3 Qh1 34. Ke3 Qg1+ 35. Qf2 Qc1+ 36. Qd2 Qc5+ 37. Kf3 Qc4 38. Qe2 Qb3+ 39. Kg2 a5 40. Kh3 b4 41. axb4 Qxb4 42. Qg4 Qb8 43. Qe2 Qc8+ 44. Qg4 Qb8 45. Qe2 Qb6 46. Qc2 Qd8 47. Qe2 Kh7 48. Qg4 a4 49. Qf5+ Kh8 50. Qg4 Qb8 51. Qd7 Qf8 52. Kg2 Qb8 53. Kh3 Kh7 54. Qxa4 Qxb2 1/2-1/2

[Event "Bosnjaci op-A 12th"]
[Site "Bosnjaci"]
[Date "2006.01.08"]
[Round "9"]
[White "Sertic, Rudolf"]
[Black "Rukavina, Dario"]
[Result "1-0"]
[WhiteElo "2319"]
[BlackElo "2225"]
[PlyCount "123"]
[EventDate "2006.01.03"]
[EventType "swiss"]
[EventRounds "9"]
[EventCountry "CRO"]
[SourceTitle "CBM 110 Extra"]
[Source "ChessBase"]
[SourceDate "2006.03.10"]
[SourceVersion "2"]
[SourceVersionDate "2006.03.10"]
[SourceQuality "1"]

1. d4 Nf6 2. c4 e6 3. Nf3 Bb4+ 4. Bd2 Qe7 5. g3 0-0 6. Bg2 Nc6 7. 0-0 Bxd2 8. Qxd2 d6 9. Nc3 e5 10. d5 Nb8 11. e4 a5 12. Ne1 Ne8 13. Nd3 Nd7 14. f4 Nc5 15. f5 Bd7 16. Rad1 f6 17. b3 g5 18. Nc1 Na6 19. a3 c5 20. dxc6 bxc6 21. Na4 Nac7 22. c5 Nb5 23. Nb6 Ra7 24. b4 axb4 25. axb4 Nd4 26. Nd3 Nc7 27. cxd6 Qxd6 28. Nc5 Bc8 29. Rf2 Ncb5 30. Nc4 Qe7 31. Bf1 Rd8 32. Qc1 Bd7 33. Na5 Be8 34. Rd3 Kh8 35. g4 Bf7 36. Rh3 Nd6 37. Ra3 Rda8 38. Re3 Rb8 39. Rb2 N6b5 40. h3 Nd6 41. Qc3 N6b5 42. Qc1 Nc7 43. Nd3 Rb6 44. Rh2 Na6 45. h4 Nxb4 46. Nxb4 Rxa5 47. hxg5 fxg5 48. Reh3 h5 49. Nd5 cxd5 50. Qc8+ Kg7 51. Rxh5 Bg8 52. Rh8 Qf7 53. Rxg8+ Qxg8 54. Qc7+ Qf7 55. Rh7+ Kxh7 56. Qxf7+ Kh6 57. Qf8+ Kh7 58. Qe7+ Kg8 59. Qd8+ Kf7 60. Qc7+ Kf8 61. Qxb6 Ra2 62. Qd6+ 1-0

[Event "Bosnjaci op-A 12th"]
[Site "Bosnjaci"]
[Date "2006.01.04"]
[Round "2"]
[White "Ivekovic, Mario"]
[Black "Rukavina, Dario"]
[Result "0-1"]
[WhiteElo "2330"]
[BlackElo "2225"]
[PlyCount "80"]
[EventDate "2006.01.03"]
[EventType "swiss"]
[EventRounds "9"]
[EventCountry "CRO"]
[SourceTitle "CBM 110 Extra"]
[Source "ChessBase"]
[SourceDate "2006.03.10"]
[SourceVersion "2"]
[SourceVersionDate "2006.03.10"]
[SourceQuality "1"]

1. Nf3 Nf6 2. g3 d5 3. Bg2 g6 4. 0-0 Bg7 5. d3 0-0 6. Nbd2 Nbd7 7. e4 dxe4 8. dxe4 e5 9. Qe2 Qe7 10. a4 Rd8 11. a5 Nf8 12. Qb5 N6d7 13. b3 Ne6 14. Ba3 Qe8 15. c3 Bf8 16. Bxf8 Qxf8 17. Rfd1 a6 18. Qc4 b5 19. Qd5 Rb8 20. Nxe5 Nf6 21. Nc6 Nxd5 22. exd5 Bb7 23. Nxb8 Bxd5 24. Nxa6 Bxg2 25. Kxg2 Rd6 26. Nxc7 Nxc7 27. Ne4 Rxd1 28. Rxd1 Qa8 29. f3 Qxa5 30. b4 Qa2+ 31. Rd2 Qc4 32. Kf2 Kg7 33. Rd4 Qa2+ 34. Rd2 Qa7+ 35. Kg2 Ne6 36. h4 Qe3 37. Rd5 Qe2+ 38. Nf2 Qc4 39. Re5 Qxc3 40. Rxb5 Nd4 0-1

[Event "CRO-ch U20"]
[Site "Bjelolasica"]
[Date "2005.08.20"]
[Round "9"]
[White "Plenca, Julian"]
[Black "Rukavina, Dario"]
[Result "0-1"]
[WhiteElo "2160"]
[BlackElo "2194"]
[PlyCount "68"]
[EventDate "2005.08.13"]
[EventType "swiss"]
[EventRounds "9"]
[EventCountry "CRO"]
[SourceTitle "EXT 2006"]
[Source "ChessBase"]
[SourceDate "2005.11.24"]
[SourceVersion "1"]
[SourceVersionDate "2005.11.24"]
[SourceQuality "1"]

1. e4 c5 2. Nf3 Nc6 3. d4 cxd4 4. Nxd4 Nf6 5. Nc3 g6 6. Bc4 Bg7 7. Be3 0-0 8. f3 Qb6 9. Bb3 Nxe4 10. fxe4 Bxd4 11. Bxd4 Qxd4 12. Qxd4 Nxd4 13. 0-0 d6 14. Rad1 Nxb3 15. axb3 Rd8 16. h3 Bd7 17. Rd2 Bc6 18. b4 a6 19. Rdf2 f6 20. Kh2 d5 21. exd5 Bxd5 22. Nxd5 Rxd5 23. c4 Rd4 24. Rc1 Rc8 25. Rfc2 b5 26. cxb5 Rxc2 27. Rxc2 axb5 28. Rc7 Kf7 29. Rc8 Rxb4 30. Rh8 h5 31. Rh7+ Ke6 32. Rh6 Kf5 33. Rh7 e5 34. Rf7 Rxb2 0-1

[Event "CRO-ch U20"]
[Site "Bjelolasica"]
[Date "2005.08.17"]
[Round "5"]
[White "Valkovic, Kristian"]
[Black "Rukavina, Dario"]
[Result "0-1"]
[WhiteElo "1902"]
[BlackElo "2194"]
[PlyCount "63"]
[EventDate "2005.08.13"]
[EventType "swiss"]
[EventRounds "9"]
[EventCountry "CRO"]
[SourceTitle "EXT 2006"]
[Source "ChessBase"]
[SourceDate "2005.11.24"]
[SourceVersion "1"]
[SourceVersionDate "2005.11.24"]
[SourceQuality "1"]

1. e4 c5 2. Nf3 Nc6 3. d3 g6 4. g3 Bg7 5. Bg2 e6 6. 0-0 Nge7 7. c3 0-0 8. Nbd2 d5 9. Ne1 b6 10. f4 dxe4 11. dxe4 Qc7 12. Qc2 a5 13. Nef3 Ba6 14. Re1 Rad8 15. Nf1 Bd3 16. Qf2 a4 17. a3 Na5 18. Be3 Nb3 19. Rad1 Bxe4 20. Rxd8 Rxd8 21. N1d2 Nxd2 22. Nxd2 Bxg2 23. Qxg2 Nf5 24. Nc4 b5 25. Nd2 b4 26. axb4 cxb4 27. cxb4 Nxe3 28. Rxe3 Bd4 29. Qe2 Qc1+ 30. Nf1 Bxe3+ 31. Qxe3 Qxb2 32. Qb6 0-1

[Event "CRO-chT U20 14th"]
[Site "Sv Filip i Jakov"]
[Date "2005.03.29"]
[Round "1"]
[White "Franciskovic, Vinko"]
[Black "Rukavina, Dario"]
[Result "0-1"]
[WhiteElo "2062"]
[BlackElo "2155"]
[PlyCount "80"]
[EventDate "2005.03.29"]
[EventType "team-tourn"]
[EventRounds "7"]
[EventCountry "CRO"]
[SourceTitle "CBM 105 Extra"]
[Source "ChessBase"]
[SourceDate "2005.05.01"]
[SourceVersion "1"]
[SourceVersionDate "2005.05.01"]
[SourceQuality "1"]

1. e4 c5 2. Nf3 d6 3. d4 cxd4 4. Qxd4 Nc6 5. Bb5 Bd7 6. Bxc6 Bxc6 7. 0-0 Nf6 8. Re1 g6 9. c4 Bg7 10. Nc3 0-0 11. Qd3 Qb6 12. Rb1 a5 13. Be3 Qc7 14. Nd5 Bxd5 15. exd5 Rac8 16. b3 Nd7 17. Qd2 b5 18. Rbc1 b4 19. Bh6 Nc5 20. Bxg7 Kxg7 21. Nd4 Qd7 22. Re3 e5 23. dxe6 fxe6 24. Rce1 Rf6 25. Rh3 Rcf8 26. Nf3 Kg8 27. Qe3 e5 28. Rd1 Qg7 29. Rd2 Rf4 30. Ng5 e4 31. g3 Qa1+ 32. Kg2 Rf3 33. Qe2 Rxf2+ 34. Qxf2 Rxf2+ 35. Rxf2 h5 36. g4 Nd3 37. Re2 Nf4+ 38. Kf2 Nxh3+ 39. Nxh3 Qd4+ 40. Ke1 Qc3+ 0-1

[Event "CRO-chT U20 13th"]
[Site "Rabac"]
[Date "2004.09.09"]
[Round "5"]
[White "Juranic, Bruno"]
[Black "Rukavina, Dario"]
[Result "1/2-1/2"]
[WhiteElo "1989"]
[BlackElo "2086"]
[PlyCount "44"]
[EventDate "2004.09.05"]
[EventType "team-tourn"]
[EventRounds "9"]
[EventCountry "CRO"]
[SourceTitle "CBM 102 Extra"]
[Source "ChessBase"]
[SourceDate "2004.11.03"]
[SourceVersion "1"]
[SourceVersionDate "2004.11.03"]
[SourceQuality "1"]

1. e4 c5 2. Nc3 Nc6 3. f4 e6 4. Nf3 Nge7 5. Be2 Nd4 6. 0-0 Nec6 7. d3 g6 8. Be3 Bg7 9. e5 d6 10. exd6 Qxd6 11. Ne4 Qe7 12. c3 Nxe2+ 13. Qxe2 b6 14. Rad1 Ba6 15. Qc2 0-0 16. Rfe1 Qc7 17. Qf2 Bb7 18. d4 cxd4 19. Nxd4 Nxd4 20. Bxd4 Bxd4 21. Rxd4 Bxe4 22. Rexe4 Rfd8 1/2-1/2